01665nam a22003977a 4500003000500000005001700005008004100022010001000063011001000073035001000083040000900093090001000102100004600112245015800158260004000316300002900356502007100385590003700456590004100493590004100534590004100575590004100616590004200657650003400699650002500733650003400758650003500792700004200827901000700869942000900876949004300885949005500928999001700983952013901000952012801139CHAP20220329135714.0971013s1995 r 00010 d a40845 a41817 a45943 cCHAP aTesis00aNúñez Arias, Ileana Margarita.981915 aAgroecología del haba, Vicia faba L. con énfasis en frailecillo, Macrodactylus sp. (Scarabaeidae : Melolonthinae) en Cocotitlán, Estado de México aChapingo, Méx. :bEl autor,c1995 a76 h.b: ilus. ; gráfs aTesis (Ing. en Agroecología) -- UACH. Programa de Agroecología aALEPHb10c20130110lUCH01h1309 aBATCH-UPDb10c20130110lUCH01h0208 aBATCH-UPDb10c20130110lUCH01h1958 aBATCH-UPDb10c20130410lUCH01h1319 aBATCH-UPDb10c20130914lUCH01h1249 aCONVERSIONb10c20130109lUCH01h132314aEcología agrícola.93516514aHabaxPlagas.95211814aHabazMéxico (Edo.).95213014aMacrodactylus nigripes.9695470 aBallesteros Sandoval, Valdemar.99733 aBK cFOLL bBCcTESd-104783eTS1h30394i45943si bBCcTESd33724000004552eTS2fc.2h30395i45943si c40845d40845 00102local4053708TESISaBCbBCcPA_TESISd2019-12-31fFOLLl0oTesisp33724000004552r2019-12-31 00:00:00tc.2w2019-12-31yTESIS 00102local4051708TESISaBCbBCcPA_TESISd2019-12-31fTESISl0oTesisp-104783r2019-12-31 00:00:00w2019-12-31yTESIS